Vnitropodnikové účetnictví: cíle, obsah a právní úprava
Právna úprava vnútropodnikového účtovníctva. Vnútropodnikové účtovníctvo v právnej úprave a štandardoch európskych krajín. Finančné a vnútropodnikové účtovníctvo. Potrebné úpravy v českom vnútropodnikovom účtovníctve.
Gespeichert in:
| 1. Verfasser: | |
|---|---|
| Format: | Buchkapitel |
| Sprache: | Tschechisch |
| Schlagworte: | |
| Tags: |
Keine Tags, Fügen Sie das erste Tag hinzu!
|
MARC
| LEADER | 00000naa a2200000 4500 | ||
|---|---|---|---|
| 001 | r022019 | ||
| 005 | 20240411081200.0 | ||
| 041 | 0 | |a cze | |
| 044 | |a CZ | ||
| 245 | 1 | 0 | |a Vnitropodnikové účetnictví: cíle, obsah a právní úprava |c Bohumil Král |
| 520 | |a Právna úprava vnútropodnikového účtovníctva. Vnútropodnikové účtovníctvo v právnej úprave a štandardoch európskych krajín. Finančné a vnútropodnikové účtovníctvo. Potrebné úpravy v českom vnútropodnikovom účtovníctve. | ||
| 610 | 2 | 0 | |a účtovníctvo vnútropodnikové |
| 610 | 2 | 0 | |a účtovníctvo finančné |
| 610 | 2 | 0 | |a úpravy právne |
| 610 | 2 | 0 | |a Európa |
| 610 | 2 | 0 | |a Česko |
| 100 | 1 | |a Král, Bohumil | |